<?xml version="1.0" encoding="UTF-8"?>
<collection xmlns="http://www.loc.gov/MARC21/slim">
 <record>
  <leader>02293nmm a2200229   4500</leader>
  <controlfield tag="001">1/51342</controlfield>
  <controlfield tag="008">070212s199;    gr     f   ba       eng  </controlfield>
  <datafield tag="020" ind1=" " ind2=" ">
   <subfield code="a">9607534107</subfield>
  </datafield>
  <datafield tag="035" ind1=" " ind2=" ">
   <subfield code="l">34528</subfield>
  </datafield>
  <datafield tag="040" ind1=" " ind2=" ">
   <subfield code="a">GR-PeUP</subfield>
  </datafield>
  <datafield tag="082" ind1="0" ind2="0">
   <subfield code="a">CD-ROM 912.495 ΑΤΛ</subfield>
  </datafield>
  <datafield tag="245" ind1="0" ind2="0">
   <subfield code="a">Άτλαντας της Ελλάδας:</subfield>
   <subfield code="b">μια multimedia εξερεύνηση του ελληνικού χώρου</subfield>
   <subfield code="h">[Interactive multimedia].</subfield>
  </datafield>
  <datafield tag="256" ind1=" " ind2=" ">
   <subfield code="a">Computer file.</subfield>
  </datafield>
  <datafield tag="260" ind1="0" ind2=" ">
   <subfield code="a">Αθήνα :</subfield>
   <subfield code="b">Εκδοτικός Οργανισμός Λιβάνη,</subfield>
   <subfield code="c">[199;].</subfield>
  </datafield>
  <datafield tag="300" ind1=" " ind2=" ">
   <subfield code="a">1 οπτικός δίσκος λέιζερ Η/Υ:</subfield>
   <subfield code="b">έγχρ.;</subfield>
   <subfield code="c">4 3/4 ίν.</subfield>
  </datafield>
  <datafield tag="500" ind1=" " ind2=" ">
   <subfield code="a">Σύμφωνα με το νέο αναλυτικό πρόγραμμα του Υπουργείου Παιδείας.</subfield>
  </datafield>
  <datafield tag="520" ind1="0" ind2=" ">
   <subfield code="a">Περιέχει χάρτες ανα νομό (πολιτικούς), χάρτες ανα περιφέρεια (γεωφυσικούς), αναλυτικά στατιστικά στοιχεία σχετικά με δημογραφία, θρησκεία, οικονομία, δημόσια υγεία, εκπαίδευση και συγκοινωνίες, αναλυτικά στοιχεία για βουνά, ποτάμια, λίμνες, πελάγη, κλίμα, σεισμούς, χλωρίδα, πανίδα, λεξικογραφημένο κατάλογο όλων των πόλεων και χωριών της Ελλάδας, αρχαιολογικούς χώρους, φωτογραφίες και βίντεο και τους νέους οργανισμούς τοπικής αυτοδιοίκησης (ΟΤΑ) σύμφωνα με το σχέδιο Καποδίστριας.</subfield>
  </datafield>
  <datafield tag="538" ind1=" " ind2=" ">
   <subfield code="a">Ελάχιστες απαιτήσεις: IBM PC ή συμβατό, με επεξεργαστή Pentium 133 Mhz, 16 MB RAM Μνήμη, SVGA 800X600, χιλιάδες χρώματα, οδηγό CD-ROM 8X, κάρτα ήχου, Windows 95.</subfield>
  </datafield>
  <datafield tag="650" ind1=" " ind2="4">
   <subfield code="a">Γεωγραφία</subfield>
   <subfield code="z">Ελλάδα</subfield>
   <subfield code="x">Άτλαντες</subfield>
   <subfield code="x">CD-ROMs.</subfield>
  </datafield>
  <datafield tag="650" ind1=" " ind2="4">
   <subfield code="a">CD-ROMs.</subfield>
  </datafield>
  <datafield tag="651" ind1=" " ind2="4">
   <subfield code="a">Ελλάδα</subfield>
   <subfield code="x">Χάρτες</subfield>
   <subfield code="x">CD-ROMs.</subfield>
  </datafield>
  <datafield tag="852" ind1=" " ind2=" ">
   <subfield code="a">INST</subfield>
   <subfield code="b">UNIPILB</subfield>
   <subfield code="c">MMEDIA</subfield>
   <subfield code="e">20070723</subfield>
   <subfield code="h">CD-ROM 912.495 ΑΤΛ</subfield>
   <subfield code="p">00152085</subfield>
   <subfield code="q">00152085</subfield>
   <subfield code="t">NOLOAN</subfield>
   <subfield code="y">23</subfield>
   <subfield code="4">1</subfield>
  </datafield>
 </record>
</collection>
